<?xml version="1.0" encoding="UTF-8"?><?xml-stylesheet type="text/xsl" href="static/style.xsl"?><OAI-PMH xmlns="http://www.openarchives.org/OAI/2.0/" xmlns:xsi="http://www.w3.org/2001/XMLSchema-instance" xsi:schemaLocation="http://www.openarchives.org/OAI/2.0/ http://www.openarchives.org/OAI/2.0/OAI-PMH.xsd"><responseDate>2026-04-17T12:51:22Z</responseDate><request verb="GetRecord" identifier="oai:www.recercat.cat:2117/390393" metadataPrefix="marc">https://recercat.cat/oai/request</request><GetRecord><record><header><identifier>oai:recercat.cat:2117/390393</identifier><datestamp>2025-07-23T03:05:33Z</datestamp><setSpec>com_2072_1033</setSpec><setSpec>col_2072_452951</setSpec></header><metadata><record xmlns="http://www.loc.gov/MARC21/slim" xmlns:dcterms="http://purl.org/dc/terms/" xmlns:xsi="http://www.w3.org/2001/XMLSchema-instance" xmlns:doc="http://www.lyncode.com/xoai" xsi:schemaLocation="http://www.loc.gov/MARC21/slim http://www.loc.gov/standards/marcxml/schema/MARC21slim.xsd">
   <leader>00925njm 22002777a 4500</leader>
   <datafield ind2=" " ind1=" " tag="042">
      <subfield code="a">dc</subfield>
   </datafield>
   <datafield ind2=" " ind1=" " tag="720">
      <subfield code="a">Carrasco Alegre, Berta</subfield>
      <subfield code="e">author</subfield>
   </datafield>
   <datafield ind2=" " ind1=" " tag="260">
      <subfield code="c">2023-06-29</subfield>
   </datafield>
   <datafield ind2=" " ind1=" " tag="520">
      <subfield code="a">Business Intelligence tools help organizations make better-informed decisions based on data-driven insights. This study is based on a project experience developing a BI reporting solution from a consultant point of view. Board, the software used in this project, is a Business Intelligence and Enterprise Performance Management application which offers a high degree of functionality and flexibility. End users of the solution are financial controllers of Kos group, a leading Italian healthcare group. The final goal of the project has been to design and implement a data visualization solution to enhance their data driven decisions. Developing the appropriate reports using a design thinking approach has been crucial to accomplish this main objective. Using a representative example, the reader will follow and end- to-end process of how reports have been developed and released. The implementation of this solution is an optimal starting point for a company like Kos group, who want to increase the usability and efficiency of their reporting.</subfield>
   </datafield>
   <datafield ind2=" " ind1=" " tag="520">
      <subfield code="a">Gli strumenti di Business Intelligence aiutano alle organizzazioni a prendere decisioni più informate basate sui dati. Questo studio si basa sull'esperienza di un progetto di sviluppo di una soluzione di BI reporting dal punto di vista di un consulente. Board, il software utilizzato in questo progetto, è un'applicazione di Business Intelligence e Enterprise Performance Management che offre un elevato grado di funzionalità e flessibilità. Gli utenti finali della soluzione sono i controller finanziari del gruppo Kos, un importante gruppo italiano del settore della salute. L'obiettivo finale del progetto è stato quello di progettare e implementare una soluzione di visualizzazione dei dati per migliorare le loro decisioni guidate dai dati. Lo sviluppo di report appropriati utilizzando l'approccio del design thinking è stato fondamentale per raggiungere questo obiettivo principale. Utilizzando un esempio rappresentativo, il lettore seguirà il processo end-to-end di sviluppo e rilascio dei report. L'implementazione di questa soluzione è un punto di partenza ottimo per un'azienda come Kos group, che vuole aumentare l'usabilità e l'efficienza dei propri report</subfield>
   </datafield>
   <datafield tag="653" ind2=" " ind1=" ">
      <subfield code="a">Àrees temàtiques de la UPC::Economia i organització d'empreses::Gestió del coneixement::Sistemes d'informació</subfield>
   </datafield>
   <datafield tag="653" ind2=" " ind1=" ">
      <subfield code="a">Decision support systems -- Software -- Design and construction</subfield>
   </datafield>
   <datafield tag="653" ind2=" " ind1=" ">
      <subfield code="a">Information display systems -- Design and construction</subfield>
   </datafield>
   <datafield tag="653" ind2=" " ind1=" ">
      <subfield code="a">Business Intelligence</subfield>
   </datafield>
   <datafield tag="653" ind2=" " ind1=" ">
      <subfield code="a">Enterprise Performance Management</subfield>
   </datafield>
   <datafield tag="653" ind2=" " ind1=" ">
      <subfield code="a">Consulting</subfield>
   </datafield>
   <datafield tag="653" ind2=" " ind1=" ">
      <subfield code="a">Data Visualization</subfield>
   </datafield>
   <datafield tag="653" ind2=" " ind1=" ">
      <subfield code="a">Board</subfield>
   </datafield>
   <datafield tag="653" ind2=" " ind1=" ">
      <subfield code="a">Business Intelligence</subfield>
   </datafield>
   <datafield tag="653" ind2=" " ind1=" ">
      <subfield code="a">Enterprise Performance Management</subfield>
   </datafield>
   <datafield tag="653" ind2=" " ind1=" ">
      <subfield code="a">Consulenza</subfield>
   </datafield>
   <datafield tag="653" ind2=" " ind1=" ">
      <subfield code="a">Visualizzazione dei dati</subfield>
   </datafield>
   <datafield tag="653" ind2=" " ind1=" ">
      <subfield code="a">Board</subfield>
   </datafield>
   <datafield tag="653" ind2=" " ind1=" ">
      <subfield code="a">Sistemes d'ajuda a la decisió -- Programari -- Disseny i construcció</subfield>
   </datafield>
   <datafield tag="653" ind2=" " ind1=" ">
      <subfield code="a">Visualització (Informàtica) -- Disseny i construcció</subfield>
   </datafield>
   <datafield ind2="0" ind1="0" tag="245">
      <subfield code="a">Business intelligence solution using Board</subfield>
   </datafield>
</record></metadata></record></GetRecord></OAI-PMH>